Ceremonia de condecoración Fides et Labor al mérito académico: viernes 27 de abril de 2007

محفوظ في:
التفاصيل البيبلوغرافية
مؤلف مشترك: Pontificia Universidad Católica de Valparaíso (مؤلف)
التنسيق: كتاب
اللغة:الإسبانية
منشور في: Valparaíso Pontificia Universidad Católica de Valparaíso 2007
الموضوعات:
الوسوم: إضافة وسم
لا توجد وسوم, كن أول من يضع وسما على هذه التسجيلة!

MARC

LEADER 00000cam a2200000 a 4500
001 UCF8053
003 CL-VaPUC
008 130725e20070000CL |||||||||||||||||spa|d
082 0 4 |a 378.83  |b UNI  |2 21 
110 2 |a Pontificia Universidad Católica de Valparaíso  |e author  |9 570130 
245 1 0 |a Ceremonia de condecoración Fides et Labor al mérito académico: viernes 27 de abril de 2007 
300 |a pág. irreg 
942 |c BK 
945 |d 20130725 00:00:00  |a dcastane 
260 |a Valparaíso  |b Pontificia Universidad Católica de Valparaíso  |c 2007 
650 0 |a Universidades chilenas  |9 407335 
650 0 |a Educación superior   |9 223851 
650 0 |a Discursos   |9 265028 
583 |a last modification  |c 20130725 12:05:00  |k Rodrigo Vera 
999 |c 352727  |d 352725 
952 |0 0  |1 0  |4 0  |6 378_830000000000000_UNI_2007  |7 0  |8 X  |9 457340  |a FDOBUD  |b FDOBUD  |d 2019-11-22  |i 4990587  |o 378.83 UNI 2007  |p 4990587  |r 2019-11-22  |w 2019-11-22  |y BK_X  |k FHP